Sinh hoạt văn hóa quan họ làng Nghiên cứu

TM tài liệu tham khảo tr. 261 - 277; Nghiên cứu sinh hoạt văn hóa quan họ làng cổ truyền và văn hóa quan họ làng ở làng Viêm Xá. Đề xuất, kiến nghị bảo tồn, phát huy sinh hoạt văn hóa quan họ làng hiện nay

Gorde:
Xehetasun bibliografikoak
Egile nagusia: Trần, Minh Chính
Beste egile batzuk: Hội Văn nghệ dân gian Việt Nam
Formatua: Liburua
Hizkuntza:Undetermined
Argitaratua: H. Mỹ thuật 2017
Gaiak:
Sarrera elektronikoa:http://lrc.tdmu.edu.vn/opac/search/detail.asp?aID=2&ID=32149
Etiketak: Etiketa erantsi
Etiketarik gabe, Izan zaitez lehena erregistro honi etiketa jartzen!
Thư viện lưu trữ: Trung tâm Học liệu Trường Đại học Thủ Dầu Một
LEADER 01102nam a2200229Ia 4500
001 TDMU_32149
008 210410s9999 xx 000 0 und d
082 |a 394.120959733 
090 |b TR121 
100 |a Trần, Minh Chính 
245 0 |a Sinh hoạt văn hóa quan họ làng 
245 0 |b Nghiên cứu 
245 0 |c Trần Minh Chính 
260 |a H. 
260 |b Mỹ thuật 
260 |c 2017 
300 |a 519 tr. 
520 |a TM tài liệu tham khảo tr. 261 - 277; Nghiên cứu sinh hoạt văn hóa quan họ làng cổ truyền và văn hóa quan họ làng ở làng Viêm Xá. Đề xuất, kiến nghị bảo tồn, phát huy sinh hoạt văn hóa quan họ làng hiện nay 
650 |a Văn hóa dân gian  |x Văn hóa làng xã  |x Quan họ  |z Bắc Ninh (Việt Nam); Quan họ  |z Bắc Ninh (Việt Nam) 
700 |a Hội Văn nghệ dân gian Việt Nam 
856 |u http://lrc.tdmu.edu.vn/opac/search/detail.asp?aID=2&ID=32149 
980 |a Trung tâm Học liệu Trường Đại học Thủ Dầu Một